| 000 | 01223cam a22003134a 4500 | ||
|---|---|---|---|
| 001 | 12395875 | ||
| 003 | ARRUPE | ||
| 005 | 20211102114512.0 | ||
| 008 | 010501s2002 nju b 001 0 eng | ||
| 010 | _a 2001027849 | ||
| 020 | _a0691088187 (alk. paper) | ||
| 040 |
_aDLC _cDLC _dDLC |
||
| 042 | _apcc | ||
| 050 | 0 | 0 |
_aB1878.K6 _bB76 2002 |
| 082 | 0 | 0 |
_a194 _221 |
| 100 | 1 |
_aBroughton, Janet, _d1948- _950925 |
|
| 245 | 1 | 0 |
_aDescartes's method of doubt / _cJanet Broughton. |
| 260 |
_aPrinceton, NJ : _bPrinceton Univ. Press, _cc2002. |
||
| 300 |
_axv, 217 p. ; _c24 cm. |
||
| 504 | _aIncludes bibliographical references (p. 203-209) and index. | ||
| 600 | 1 | 0 |
_aDescartes, René, _d1596-1650. _94894 |
| 650 | 0 | _aKnowledge, Theory of. | |
| 650 | 0 | _aBelief and doubt. | |
| 856 | 4 | 1 |
_3Table of contents _uhttp://www.loc.gov/catdir/toc/prin031/2001027849.html |
| 856 | 4 | 2 |
_3Publisher description _uhttp://www.loc.gov/catdir/description/prin022/2001027849.html |
| 906 |
_a7 _bcbc _corignew _d1 _eocip _f20 _gy-gencatlg |
||
| 942 |
_2lcc _cMONOGRAPH |
||
| 999 |
_c131086 _d131086 |
||